| 000 | 00648nam a2200217Ia 4500 | ||
|---|---|---|---|
| 005 | 20250508165235.0 | ||
| 008 | 008 250505s9999 xx 000 0 eng d | ||
| 020 | _a978-1-107-60672-2 | ||
| 037 | _aTextBook | ||
| 040 |
_aFEDL _beng _cFEDL |
||
| 041 |
_aeng _2eng |
||
| 084 |
_a338.926, GRU/R _qFEDL |
||
| 100 |
_aGrundmann Reiner _9331555 |
||
| 245 | 0 | _aPower of scientific knowledge: From research to public policy | |
| 260 |
_aCambridge _bCambridge University Press _c2012 |
||
| 300 | _axiv, 221p. | ||
| 365 |
_aGBP _b19.99 |
||
| 700 |
_a Stehr Nico _9780255 |
||
| 942 |
_cTB _h338.926, GRU/R |
||
| 999 |
_c1394000 _d1394000 |
||